| 000 | 00654nam a22002171a 4500 | ||
|---|---|---|---|
| 001 | 5809 | ||
| 003 | BD-RjUL | ||
| 005 | 20211208234131.0 | ||
| 008 | 140107s1964 ctu b 001 0 eng d | ||
| 035 | _a(BD-RjUL) | ||
| 040 |
_aNUN _beng _cNUN _dNUN _dBD-RjUL |
||
| 041 | _aeng | ||
| 082 | 0 | 4 |
_a351.10954 _bGOC 1964 |
| 100 | 1 |
_aGoodnow, Henry Frank. _918255 |
|
| 245 | 1 | 4 |
_aThe civil service of Pakistan : _bbureaucracy in a new nation / _cby Henry Frank Goodnow |
| 260 |
_aNew Haven : _bYale U.P. ; _c1964. |
||
| 300 |
_aviii, 328 p. ; _c22 cm. |
||
| 504 | _aIncludes index and bibliography. | ||
| 650 | 0 |
_aCivil service _zPakistan. _917468 |
|
| 942 |
_2ddc _cBK |
||
| 999 |
_c5809 _d5809 |
||